[Event "25th Dubai Open A 2025"]
[Site "Dubai UAE"]
[Date "2025.06.02"]
[Round "7.28"]
[White "Panesar, Vedant"]
[Black "Ghimpu, Samuel-Timotei"]
[Result "1-0"]
[WhiteTitle "FM"]
[BlackTitle "IM"]
[WhiteElo "2455"]
[BlackElo "2421"]
[WhiteFideId "35033018"]
[BlackFideId "1238175"]
[EventDate "2025.05.27"]

1. e4 d6 2. d4 Nf6 3. Nc3 e5 4. Nf3 Nbd7 5. Rg1 Be7 6. g4 c6 7. g5 Nh5 8. Bh3 g6
9. Be3 Qc7 10. a3 O-O 11. Qe2 Nb6 12. Bxc8 Raxc8 13. O-O-O Rfe8 14. d5 Bf8 15.
Kb1 Bg7 16. Qd2 Nf4 17. Bxb6 Qxb6 18. Rgf1 Rc7 19. Ne1 Rd7 20. f3 Rc8 21. Ng2
Rdc7 22. Ne3 Rd7 23. h4 Qd8 24. Ne2 Qb6 25. Nc3 h5 26. gxh6 Bxh6 27. Ng4 Bg7 28.
Rh1 Nh5 29. Rdg1 Qd8 30. Ne2 cxd5 31. Qxd5 Rc5 32. Qb3 d5 33. Nc3 dxe4 34. fxe4
Kh7 35. Ne3 b5 36. Rd1 Rxd1+ 37. Rxd1 Qe8 38. Rd6 a5 39. Ncd5 Nf4 40. h5 Nxh5
41. Qd3 Qc8 42. Qd2 Bh6 43. Qxa5 Bxe3 44. Nxe3 Qh3 45. Qa7 1-0

[Event "25th Dubai Open A 2025"]
[Site "Dubai UAE"]
[Date "2025.06.02"]
[Round "7.29"]
[White "Neelash, Saha"]
[Black "Nandhidhaa, P V"]
[Result "1-0"]
[WhiteTitle "IM"]
[BlackTitle "WGM"]
[WhiteElo "2445"]
[BlackElo "2363"]
[WhiteFideId "5094160"]
[BlackFideId "5050847"]
[EventDate "2025.05.27"]

1. d4 Nf6 2. Nf3 e6 3. a3 d5 4. Nbd2 c5 5. dxc5 Bxc5 6. e3 Nc6 7. b4 Be7 8. Bb2
O-O 9. Bd3 b6 10. O-O Bb7 11. Rc1 Rc8 12. Qe2 a5 13. c3 Nb8 14. Rfd1 Nbd7 15.
Bb1 Rc7 16. Nb3 Qa8 17. Nbd4 Ba6 18. b5 Bb7 19. c4 Rfc8 20. cxd5 Bxd5 21. Rxc7
Rxc7 22. Nd2 Nc5 23. Bc2 Rc8 24. f3 Qb8 25. e4 Ba8 26. Kh1 Nfd7 27. Nc4 Bf6 28.
Nc6 Bxc6 29. bxc6 Rxc6 30. e5 Bd8 31. Nd6 Be7 32. Nb5 Rc8 33. f4 Nf8 34. f5 exf5
35. Bxf5 Re8 36. Rf1 Bf6 37. Qf3 Bxe5 38. Be6 Nfxe6 39. Qxf7+ Kh8 40. Bxe5 Qa8
41. Nc7 1-0

[Event "25th Dubai Open A 2025"]
[Site "Dubai UAE"]
[Date "2025.06.02"]
[Round "7.30"]
[White "Jiang, Haochen"]
[Black "Manon, Reja Neer"]
[Result "1-0"]
[BlackTitle "IM"]
[WhiteElo "2439"]
[BlackElo "2403"]
[WhiteFideId "8631930"]
[BlackFideId "10224009"]
[EventDate "2025.05.27"]

1. e4 c6 2. d4 d5 3. e5 c5 4. Nf3 Nc6 5. dxc5 Bg4 6. c3 e6 7. b4 g6 8. Bf4 Bg7
9. Bb5 f6 10. Qd4 Bxf3 11. gxf3 fxe5 12. Bxe5 Nf6 13. Qe3 O-O 14. Bd6 Rf7 15.
Qxe6 a5 16. Nd2 axb4 17. Bxc6 bxc6 18. cxb4 Nh5 19. Rd1 Bc3 20. b5 Qg5 21. bxc6
Ng7 22. Qh3 Re8+ 23. Kf1 Bxd2 24. c7 Nf5 25. Rg1 Qh6 26. Qxh6 Bxh6 27. Rb1 Ne7
28. Bxe7 Rfxe7 29. Rb8 Bf4 30. c8=Q Bxb8 31. Qc6 Rd8 32. Rg5 Red7 33. Qe6+ Kf8
34. Qf6+ Kg8 35. c6 Rd6 36. Qe7 d4 37. Rb5 1-0

[Event "25th Dubai Open A 2025"]
[Site "Dubai UAE"]
[Date "2025.06.02"]
[Round "7.31"]
[White "Raahul, V S"]
[Black "Tsaruk, Maksim"]
[Result "0-1"]
[WhiteTitle "IM"]
[BlackTitle "IM"]
[WhiteElo "2378"]
[BlackElo "2431"]
[WhiteFideId "25035525"]
[BlackFideId "13511173"]
[EventDate "2025.05.27"]

1. c4 e5 2. Nc3 Nf6 3. Nf3 Nc6 4. e3 Bb4 5. Qc2 O-O 6. Nd5 Be7 7. a3 d6 8. Bd3
h6 9. b4 Be6 10. Nxe7+ Nxe7 11. Bb2 Qd7 12. Be2 Bf5 13. d3 b6 14. O-O c5 15. Nh4
Ng6 16. Nxf5 Qxf5 17. Bf3 Rac8 18. b5 Nh4 19. Bc6 Rxc6 20. bxc6 Nxg2 21. Qe2 Qh3
22. f3 Nh4 23. Qf2 Nh5 24. Kh1 Rc8 25. a4 Rxc6 26. a5 bxa5 27. Qg1 f5 28. Bc3 d5
29. Qf2 d4 30. exd4 exd4 31. Bxa5 f4 32. Rg1 Nxf3 0-1

[Event "25th Dubai Open A 2025"]
[Site "Dubai UAE"]
[Date "2025.06.02"]
[Round "7.32"]
[White "Shyaam Nikhil P"]
[Black "Rakshitta, Ravi"]
[Result "1-0"]
[WhiteTitle "GM"]
[BlackTitle "WGM"]
[WhiteElo "2430"]
[BlackElo "2324"]
[WhiteFideId "5024218"]
[BlackFideId "25073230"]
[EventDate "2025.05.27"]

1. c4 Nf6 2. Nf3 g6 3. g3 Bg7 4. Bg2 O-O 5. O-O d6 6. Nc3 c5 7. d3 Nc6 8. a3 Bd7
9. Rb1 Qc8 10. b4 Bh3 11. Bd2 Nd4 12. e3 Nxf3+ 13. Qxf3 Bxg2 14. Kxg2 b6 15. h3
e6 16. Kh2 Nd7 17. Qe2 Qc6 18. f4 Rfe8 19. Qg2 Qxg2+ 20. Kxg2 Red8 21. Nb5 Nf6
22. Kf3 Rd7 23. Rfc1 Rc8 24. Ke2 Kf8 25. a4 Ne8 26. a5 bxa5 27. bxc5 dxc5 28.
Bxa5 Rb7 29. Nc3 Nd6 30. Ne4 Rxb1 31. Rxb1 Nxe4 32. dxe4 Bf6 33. Rb7 Ra8 34. Kd3
h5 35. Kc2 Be7 36. e5 Ke8 37. Bc7 a5 38. Kb3 a4+ 39. Ka3 Ra6 40. e4 Kf8 41. Rb8+
Kg7 42. Re8 Bf8 43. Bd8 f5 44. exf5 gxf5 45. Bc7 Kf7 46. Rb8 Ra7 47. Bd6 Bxd6
48. exd6 Rd7 49. Rb6 e5 50. fxe5 Ke6 51. h4 Kxe5 52. Kxa4 Rg7 53. Kb5 Rxg3 54.
Kxc5 Rd3 55. Rb1 f4 56. Re1+ Kf5 57. Kc6 f3 58. c5 f2 59. Rf1 Rd2 60. d7 Ke6 61.
Rxf2 1-0

[Event "25th Dubai Open A 2025"]
[Site "Dubai UAE"]
[Date "2025.06.02"]
[Round "7.33"]
[White "Roebers, Eline"]
[Black "Gavrilescu, David"]
[Result "0-1"]
[WhiteTitle "IM"]
[BlackTitle "GM"]
[WhiteElo "2361"]
[BlackElo "2554"]
[WhiteFideId "1058401"]
[BlackFideId "1227190"]
[EventDate "2025.05.27"]

1. e4 c5 2. Nf3 a6 3. Nc3 b5 4. d4 cxd4 5. Qxd4 Nc6 6. Qe3 Bb7 7. Bd2 Nf6 8.
O-O-O e5 9. h3 Be7 10. Kb1 O-O 11. Bc1 Rc8 12. g4 Na5 13. Nd5 Nxd5 14. exd5 d6
15. h4 Rc5 16. b4 Nc4 17. Qe4 Rxd5 18. Rxd5 Nb6 19. c4 Qa8 20. Ng5 f5 21. Qe3
Nxc4 22. Bxc4 bxc4 23. Rxe5 dxe5 24. Rd1 Be4+ 25. Ka1 Rd8 26. Rxd8+ Qxd8 27.
Nxe4 fxe4 28. Qxe4 Qd4+ 29. Qxd4 exd4 30. a3 Bxh4 0-1

[Event "25th Dubai Open A 2025"]
[Site "Dubai UAE"]
[Date "2025.06.02"]
[Round "7.34"]
[White "Harshavardhan, G B"]
[Black "Zhang, Di"]
[Result "0-1"]
[WhiteTitle "IM"]
[WhiteElo "2441"]
[BlackElo "2410"]
[WhiteFideId "25059009"]
[BlackFideId "8616590"]
[EventDate "2025.05.27"]

1. d4 Nf6 2. c4 b6 3. Nc3 Bb7 4. d5 e6 5. a3 Bd6 6. g3 O-O 7. Bg2 Be5 8. Nh3
Bxc3+ 9. bxc3 e5 10. f4 exf4 11. gxf4 Na6 12. Nf2 Re8 13. Rb1 Nc5 14. Qd4 d6 15.
Kd1 Qd7 16. Bf3 Qa4+ 17. Kd2 Ba6 18. Rb4 Nb3+ 19. Kd3 Nxd4 20. Rxa4 Nxf3 21.
Rxa6 Nh4 22. e4 Nd7 23. Be3 Ng2 24. Bd4 Nxf4+ 25. Kd2 Ng6 26. Rb1 f6 27. Kc2 Nb8
28. Ra4 a5 29. Bxb6 cxb6 30. Rxb6 Nd7 31. Rb5 Nc5 32. Raxa5 Ne5 0-1

[Event "25th Dubai Open A 2025"]
[Site "Dubai UAE"]
[Date "2025.06.02"]
[Round "7.35"]
[White "Gaal, Zsoka"]
[Black "Goutham Krishna H"]
[Result "1-0"]
[WhiteTitle "WGM"]
[BlackTitle "IM"]
[WhiteElo "2395"]
[BlackElo "2427"]
[WhiteFideId "777765"]
[BlackFideId "25983504"]
[EventDate "2025.05.27"]

1. d4 Nf6 2. Nf3 g6 3. g3 Bg7 4. Bg2 O-O 5. O-O d6 6. Re1 Nbd7 7. e4 e5 8. Nc3
b6 9. a4 a5 10. b3 Bb7 11. dxe5 dxe5 12. Ba3 Re8 13. Nd2 Ba6 14. Nb5 Bf8 15. Bf1
Nc5 16. Bb2 c6 17. Nc3 Qc7 18. Qf3 Nfd7 19. Bxa6 Nxa6 20. Nc4 Nb4 21. Re2 Nc5
22. Na2 Rad8 23. Nxb4 axb4 24. Ree1 Kg7 25. a5 b5 26. Ne3 f6 27. h4 Qf7 28. h5
Ne6 29. Ng4 gxh5 30. Ne3 Bc5 31. Nf5+ Kh8 32. Red1 h4 33. Nxh4 Bd4 34. Rab1 Bxb2
35. Rxd8 Rxd8 36. Rxb2 Nd4 37. Qe3 Qh5 38. Kg2 Rg8 39. Nf5 Ne6 40. Rb1 Nf4+ 41.
Kg1 Ne2+ 42. Kg2 Nf4+ 43. Kg1 Qh3 44. Qf3 Ne6 45. Ne7 Rf8 46. Nxc6 f5 47. Nxe5
f4 48. Qh1 Qxh1+ 49. Kxh1 fxg3 50. fxg3 Nd4 51. a6 Ra8 52. Rd1 Ne6 53. Ra1 Nd4
54. a7 Nxc2 55. Ra6 Nd4 56. Nd7 Nxb3 57. Nb6 Nc5 58. Ra1 Rxa7 59. Rxa7 b3 60.
Ra1 Nxe4 61. Rb1 Nd2 62. Rb2 Nc4 63. Nxc4 bxc4 64. Kg2 Kg7 65. Kf3 Kf6 66. Ke4
Kg5 67. Kd4 Kg4 68. Kxc4 Kxg3 69. Rxb3+ Kg4 70. Kd3 1-0

[Event "25th Dubai Open A 2025"]
[Site "Dubai UAE"]
[Date "2025.06.02"]
[Round "7.36"]
[White "Tregubenko, Nikolay"]
[Black "Agasarov, Benik"]
[Result "1-0"]
[BlackTitle "FM"]
[WhiteElo "2277"]
[BlackElo "2414"]
[WhiteFideId "34358978"]
[BlackFideId "13314823"]
[EventDate "2025.05.27"]

1. e4 c5 2. Nf3 g6 3. d4 cxd4 4. Nxd4 Nc6 5. c4 Nf6 6. Nc3 d6 7. Be2 Nxd4 8.
Qxd4 Bg7 9. Be3 O-O 10. Qd2 a5 11. O-O a4 12. f3 Qa5 13. Rac1 Bd7 14. c5 Rfd8
15. cxd6 Be8 16. Bf4 exd6 17. Rfd1 Bc6 18. Be3 Rd7 19. Nb5 Qd8 20. Nd4 Rc8 21.
Qb4 d5 22. e5 Qe8 23. f4 Rdc7 24. Nxc6 bxc6 25. Ba6 Ng4 26. Bxc8 Nxe3 27. Qb6
Qxc8 28. Qxe3 Bf8 29. Qb6 Bh6 30. g3 Qd7 31. b4 axb3 32. axb3 Bf8 33. b4 h5 34.
Rc3 h4 35. Rdc1 hxg3 36. hxg3 d4 37. Rd3 c5 38. bxc5 Rc6 39. Qb5 Qc8 40. Rxd4
Rxc5 41. Rdc4 Qg4 42. Qb3 Rb5 43. Qd3 Rb2 44. R4c2 Rb4 45. Kh2 Bh6 46. Rf1 Bf8
47. Qf3 Qf5 48. Re2 Be7 49. Kg2 Rd4 50. g4 Qd7 51. f5 Qa4 52. Kg3 Qb5 53. Rff2
Rd3 54. Re3 Rxe3 55. Qxe3 Bc5 56. Qf4 Bxf2+ 57. Kxf2 Qc5+ 58. Kf3 Qd5+ 59. Kg3
gxf5 60. gxf5 Kf8 61. Qb4+ Ke8 62. Kf4 Kd7 63. Qa4+ Kd8 64. Qb4 Qg2 65. Qf8+ Kd7
66. Qxf7+ Kd8 67. Qf8+ Kc7 68. Qd6+ Kc8 69. f6 Qf2+ 70. Kg5 Qe3+ 71. Kg6 Qe4+
72. Kg7 Qg4+ 73. Kf8 Qh3 74. Qc6+ Kd8 75. Qd5+ Kc7 76. Ke7 Qh4 77. Qd6+ Kc8 78.
Qd8+ Kb7 79. e6 1-0

[Event "25th Dubai Open A 2025"]
[Site "Dubai UAE"]
[Date "2025.06.02"]
[Round "7.37"]
[White "Balajayeva, Khanim"]
[Black "Beydullayeva, Govhar"]
[Result "1/2-1/2"]
[WhiteTitle "IM"]
[BlackTitle "WGM"]
[WhiteElo "2358"]
[BlackElo "2394"]
[WhiteFideId "13406396"]
[BlackFideId "13413015"]
[EventDate "2025.05.27"]

1. d4 d5 2. c4 c6 3. Nf3 Nf6 4. cxd5 cxd5 5. Nc3 Nc6 6. Bf4 Bf5 7. e3 e6 8. Bd3
Bxd3 9. Qxd3 Bd6 10. Bxd6 Qxd6 11. O-O O-O 12. Rac1 Rac8 13. h3 1/2-1/2

[Event "25th Dubai Open A 2025"]
[Site "Dubai UAE"]
[Date "2025.06.02"]
[Round "7.38"]
[White "Al Hosani, Omran"]
[Black "Zia, Tahsin Tajwar"]
[Result "0-1"]
[WhiteTitle "IM"]
[BlackTitle "FM"]
[WhiteElo "2299"]
[BlackElo "2374"]
[WhiteFideId "9308733"]
[BlackFideId "10211888"]
[EventDate "2025.05.27"]

1. e4 c6 2. d4 d5 3. e5 Bf5 4. g4 Be4 5. f3 Bg6 6. e6 fxe6 7. h4 Qd6 8. h5 Qg3+
9. Ke2 Bf7 10. Nh3 Qd6 11. Bf4 Qb4 12. b3 Nd7 13. a4 c5 14. c3 Qb6 15. a5 Qc6
16. a6 cxd4 17. cxd4 e5 18. dxe5 e6 19. Kf2 Bc5+ 20. Kg3 Ne7 21. Qd3 h6 22. Qd2
g5 23. hxg6 Nxg6 24. Nc3 Bb4 25. Rc1 bxa6 26. Qb2 Qb7 27. Bd3 Nc5 28. Bb1 Rd8
29. Na2 a5 30. Nxb4 Qxb4 31. Qf2 Nxb3 32. Rc6 Nd4 33. Rc7 Nb5 34. Rb7 Qc4 35.
Rc1 Nc3 36. Bxg6 Bxg6 37. Qxa7 Ne2+ 38. Kh4 Nxc1 39. Rg7 Qb4 40. Bd2 Qf8 41.
Bxa5 h5 42. g5 Rh7 43. Rxh7 Bxh7 44. Qxh7 Ra8 45. Bd2 Ra4+ 46. f4 Nb3 47. Qc2
Nc5 48. g6 Rc4 49. Qb1 Nd7 50. Kg3 Qa3+ 51. Kg2 h4 52. Be1 Qe7 53. Qd1 Nf8 54.
Qb1 Nd7 55. Qb7 Rc2+ 56. Kf1 Qa3 57. Nf2 h3 58. g7 Qg3 59. Qa8+ Kf7 60. g8=Q+
Qxg8 61. Qxg8+ Kxg8 62. Nxh3 d4 63. Ng5 d3 64. Ne4 Nc5 65. Nd2 Rc1 66. Kf2 Kf7
67. Nf3 Ne4+ 68. Ke3 Rxe1+ 69. Kd4 0-1

[Event "25th Dubai Open A 2025"]
[Site "Dubai UAE"]
[Date "2025.06.02"]
[Round "7.39"]
[White "Garayev, Kanan"]
[Black "Sultan, Ibrahim"]
[Result "1-0"]
[WhiteTitle "IM"]
[BlackTitle "IM"]
[WhiteElo "2336"]
[BlackElo "2222"]
[WhiteFideId "13406671"]
[BlackFideId "9301143"]
[EventDate "2025.05.27"]

1. Nf3 Nf6 2. g3 g6 3. b3 Bg7 4. Bb2 O-O 5. Bg2 d6 6. d4 c5 7. c4 Bg4 8. Nc3 Qc8
9. d5 Ne4 10. Qc1 Nxc3 11. Bxc3 b5 12. Bxg7 Kxg7 13. Qc3+ Kg8 14. Nd2 bxc4 15.
h3 Bf5 16. bxc4 Na6 17. h4 h5 18. O-O Rb8 19. e4 Bg4 20. e5 Bf5 21. exd6 exd6
22. Be4 Re8 23. Rfe1 Nc7 24. Re3 Bg4 25. Rae1 Qb7 26. Bxg6 Rxe3 27. Rxe3 Qb2 28.
Qd3 fxg6 29. Qxg6+ Qg7 30. Qxd6 Rf8 31. Qe5 Qxe5 32. Rxe5 Rb8 33. d6 Ne8 34. f3
Bd7 35. Ne4 Bc6 36. Ng5 Nxd6 37. Re6 Rb1+ 38. Kf2 Rd1 39. Ke2 Ba4 40. g4 Bc2 41.
gxh5 Nf5 42. Rg6+ Kh8 43. Rf6 Nd4+ 44. Kf2 Kg7 45. Ra6 Rd2+ 46. Kg3 Nf5+ 47. Kh3
Nd4 48. h6+ Kh8 49. Rxa7 Bf5+ 50. Kg3 Ne2+ 51. Kf2 Nc3+ 52. Ke3 Rxa2 53. Rf7
Nd1+ 54. Kf4 Ra8 55. Kxf5 Ne3+ 56. Kf4 Ng2+ 57. Kg3 1-0

[Event "25th Dubai Open A 2025"]
[Site "Dubai UAE"]
[Date "2025.06.03"]
[Round "8.1"]
[White "Movahed, Sina"]
[Black "Grebnev, Aleksey"]
[Result "1/2-1/2"]
[WhiteTitle "GM"]
[BlackTitle "GM"]
[WhiteElo "2518"]
[BlackElo "2556"]
[WhiteFideId "42520835"]
[BlackFideId "34189030"]
[EventDate "2025.05.27"]

1. e4 e5 2. Nf3 Nf6 3. d4 Nxe4 4. dxe5 d5 5. Nbd2 Be7 6. Nxe4 dxe4 7. Qxd8+ Bxd8
8. Nd4 Nd7 9. e6 Nb6 10. exf7+ Kxf7 11. Bf4 c6 12. O-O-O Re8 13. Be2 Bf6 14. h4
Nd5 15. Bg5 Re5 16. g3 Bxg5+ 17. hxg5 Rxg5 18. Rxh7 Bg4 19. Rh4 Bxe2 20. Nxe2
Re8 21. c4 1/2-1/2

[Event "25th Dubai Open A 2025"]
[Site "Dubai UAE"]
[Date "2025.06.03"]
[Round "8.2"]
[White "Sargsyan, Shant"]
[Black "Zemlyanskii, Ivan"]
[Result "1-0"]
[WhiteTitle "GM"]
[BlackTitle "GM"]
[WhiteElo "2666"]
[BlackElo "2563"]
[WhiteFideId "13306766"]
[BlackFideId "24249971"]
[EventDate "2025.05.27"]

1. e4 e5 2. Nf3 Nc6 3. Bc4 Nf6 4. d3 Be7 5. O-O O-O 6. Re1 d6 7. a4 Na5 8. Ba2
c5 9. c3 Nc6 10. Na3 h6 11. Bd2 a6 12. Nc4 Be6 13. h3 b5 14. Ne3 Qd7 15. Bxe6
Qxe6 16. Nh4 Nxe4 17. dxe4 Bxh4 18. Nf5 Bf6 19. Qg4 Kh7 20. Red1 Rad8 21. axb5
axb5 22. Ra6 d5 23. Bxh6 gxh6 24. exd5 Rxd5 25. Rxd5 Qxd5 26. Ne3 Qd3 27. Rxc6
Bg5 28. Qf5+ Qxf5 29. Nxf5 Rd8 30. Rxc5 Rd1+ 31. Kh2 Rd2 32. h4 Bd8 33. Rc6 Rxb2
34. Rxh6+ Kg8 35. f3 e4 36. fxe4 Bc7+ 37. Kh3 Be5 38. Rc6 Rb3 39. Kg4 Rxc3 40.
Rb6 Rc4 41. Rxb5 Rxe4+ 42. Kh5 Bg7 43. Rb8+ Kh7 44. Rb7 Kg8 45. Rxf7 Bf8 46. Rf6 1-0

[Event "25th Dubai Open A 2025"]
[Site "Dubai UAE"]
[Date "2025.06.03"]
[Round "8.3"]
[White "Pichot, Alan"]
[Black "Rohith, Krishna S"]
[Result "1-0"]
[WhiteTitle "GM"]
[BlackTitle "IM"]
[WhiteElo "2587"]
[BlackElo "2490"]
[WhiteFideId "110973"]
[BlackFideId "46617051"]
[EventDate "2025.05.27"]

1. e4 e5 2. Nf3 Nc6 3. Bc4 Bc5 4. c3 Nf6 5. d4 exd4 6. e5 d5 7. Bb5 Ne4 8. cxd4
Bb4+ 9. Bd2 Nxd2 10. Nbxd2 Bd7 11. a3 Bxd2+ 12. Qxd2 Nxe5 13. Qe2 Bxb5 14. Qxb5+
Nd7 15. O-O O-O 16. Qxb7 Rb8 17. Qxa7 Rb7 18. b3 Rxb3 19. Rfe1 Rb2 20. Rec1 Nf6
21. Qxc7 Ne4 22. a4 Qxc7 23. Rxc7 Ra8 24. h3 h6 25. a5 Ra6 26. Ne5 f6 27. Rc6
Ra7 28. Nd3 Rd2 29. Nb4 Rb2 30. Rb6 Nc3 31. Kh2 Ne2 32. Nc6 Rxb6 33. Nxa7 Ra6
34. Nb5 Nf4 35. Nc7 Ra7 36. a6 Rxc7 37. a7 Rxa7 38. Rxa7 Ne6 39. Ra4 Kf7 40. Kg3
g5 41. Kf3 f5 42. g3 h5 43. h4 gxh4 44. gxh4 Kf6 45. Ra6 Kf7 46. Rxe6 Kxe6 47.
Kf4 Kf6 48. f3 Ke6 49. Kg5 f4 50. Kg6 1-0

[Event "25th Dubai Open A 2025"]
[Site "Dubai UAE"]
[Date "2025.06.03"]
[Round "8.4"]
[White "Bharath, Subramaniyam H"]
[Black "Gorshtein, Ido"]
[Result "1/2-1/2"]
[WhiteTitle "GM"]
[BlackTitle "GM"]
[WhiteElo "2556"]
[BlackElo "2560"]
[WhiteFideId "46634827"]
[BlackFideId "2815532"]
[EventDate "2025.05.27"]

1. e4 c6 2. d4 d5 3. f3 dxe4 4. fxe4 e5 5. Nf3 Be6 6. c3 Nd7 7. Bd3 Ngf6 8. O-O
Qc7 9. Nbd2 O-O-O 10. Qe2 Bd6 11. Nc4 Bxc4 12. Bxc4 Rde8 13. Bxf7 Re7 14. Bc4
exd4 15. cxd4 Nxe4 16. Qc2 Ndf6 17. Bd3 Rhe8 18. Re1 g5 19. g3 h5 20. Rf1 h4 21.
Bxe4 Nxe4 22. Ne5 Bxe5 23. Qxe4 Bh8 24. Qf5+ Qd7 25. Bxg5 Bxd4+ 26. Kh1 Qxf5 27.
Rxf5 Re1+ 28. Rxe1 Rxe1+ 29. Kg2 hxg3 30. Kxg3 Rg1+ 31. Kh3 Kd7 32. Rf7+ Ke6 33.
Re7+ Kf5 34. Bh4 b5 35. Bf2 Bxf2 36. Rf7+ Ke4 37. Rxf2 c5 38. Rg2 Ra1 39. a3 c4
40. Kg4 Ra2 41. Re2+ Kd3 42. Rg2 Ke4 43. Re2+ Kd5 44. Kf3 a5 45. h4 b4 46. axb4
axb4 47. h5 c3 48. bxc3 b3 49. Re4 Rc2 50. Rb4 Rxc3+ 51. Ke2 Rh3 52. Kd2 Kc5 53.
Rb8 Kc4 54. Kc1 Rxh5 1/2-1/2

[Event "25th Dubai Open A 2025"]
[Site "Dubai UAE"]
[Date "2025.06.03"]
[Round "8.5"]
[White "Nihal, Sarin"]
[Black "Sokolovsky, Yahli"]
[Result "1-0"]
[WhiteTitle "GM"]
[BlackTitle "GM"]
[WhiteElo "2693"]
[BlackElo "2539"]
[WhiteFideId "25092340"]
[BlackFideId "2820242"]
[EventDate "2025.05.27"]

1. c4 Nf6 2. g3 g6 3. b3 Bg7 4. Bb2 d6 5. Bg2 e5 6. Nf3 O-O 7. O-O c6 8. d3 a5
9. a3 Bd7 10. c5 Bg4 11. cxd6 Bxf3 12. Bxf3 Qxd6 13. Nd2 Nbd7 14. Nc4 Qe6 15.
Qc2 Nd5 16. Rfd1 N5b6 17. Rab1 Rfd8 18. Bc1 Nxc4 19. bxc4 Nc5 20. Be3 Bf8 21.
Bxc5 Bxc5 22. Rxb7 a4 23. Rc7 Ra6 24. Rb1 Rc8 25. Rxc8+ Qxc8 26. Qc3 Qc7 27. e3
Qd6 28. Kg2 Ra7 29. h4 h5 30. Be4 Bxa3 31. Rb6 Qe7 32. Bxc6 Qc7 33. c5 Bxc5 34.
Qxc5 a3 35. Rb1 Ra6 36. Ra1 Rxc6 37. Qxa3 Kg7 38. Qb4 Rf6 39. Ra2 Qc6+ 40. e4
Qb6 41. Qc3 Qe6 42. Rb2 Kh7 43. Qd2 Qg4 44. Qe3 Rd6 45. Rb8 Rc6 46. Qg5 Qxg5 47.
hxg5 Rd6 48. Rb3 Kg7 49. Kf3 Kf8 50. Ke3 Ke7 51. f4 Ke6 52. fxe5 Kxe5 53. d4+
Ke6 54. Rb7 1-0

[Event "25th Dubai Open A 2025"]
[Site "Dubai UAE"]
[Date "2025.06.03"]
[Round "8.6"]
[White "Indjic, Aleksandar"]
[Black "Aronyak, Ghosh"]
[Result "1-0"]
[WhiteTitle "GM"]
[BlackTitle "IM"]
[WhiteElo "2637"]
[BlackElo "2514"]
[WhiteFideId "911925"]
[BlackFideId "25072846"]
[EventDate "2025.05.27"]

1. c4 Nf6 2. Nc3 e6 3. d4 Bb4 4. Nf3 b6 5. Qb3 a5 6. Bg5 Bb7 7. e3 c5 8. a3 a4
9. Qc2 Bxc3+ 10. bxc3 d6 11. Bd3 h6 12. Bh4 Nbd7 13. Nd2 g5 14. Bg3 Qe7 15. f3
Nh5 16. Bf2 f5 17. Rb1 O-O 18. O-O Qf7 19. g4 Ng7 20. Bg3 e5 21. d5 Bc8 22. Bxf5
Nxf5 23. gxf5 Rb8 24. e4 Nf6 25. Qxa4 Qc7 26. Kf2 Bd7 27. Qb3 Qa7 28. h4 Ba4 29.
Qa2 Qg7 30. Rh1 Kf7 31. Rbg1 Rg8 32. Qb1 Ke8 33. hxg5 hxg5 34. Bh4 Nh7 35. Rg2
Kd7 36. Bxg5 Nxg5 37. Qg1 Bd1 38. Rh5 1-0

[Event "25th Dubai Open A 2025"]
[Site "Dubai UAE"]
[Date "2025.06.03"]
[Round "8.7"]
[White "Tin, Jingyao"]
[Black "Davtyan, Artur"]
[Result "1-0"]
[WhiteTitle "GM"]
[BlackTitle "IM"]
[WhiteElo "2601"]
[BlackElo "2485"]
[WhiteFideId "5804418"]
[BlackFideId "13308327"]
[EventDate "2025.05.27"]

1. e4 e5 2. Nf3 Nc6 3. Bc4 Nf6 4. d3 Bc5 5. O-O O-O 6. h3 d6 7. c3 h6 8. Re1 a5
9. Bb5 Ne7 10. d4 Bb6 11. Bd3 Ng6 12. Be3 c6 13. Nbd2 Bc7 14. a4 Re8 15. Bc2 Bd7
16. Nf1 exd4 17. Bxd4 Nh5 18. Qd2 Qc8 19. Ng3 Nhf4 20. Nf5 Nxg2 21. Kxg2 d5 22.
Nxh6+ Kh7 23. Ng5+ Kxh6 24. e5 f6 25. Ne6+ Kh7 26. Qd3 f5 27. Qxf5 Rxe6 28. Qh5+
Kg8 29. Bxg6 Rxg6+ 30. Qxg6 Bxh3+ 31. Kg1 Bf5 32. Qg5 Qe6 33. Re3 Bd8 34. Qg2
Bh4 35. Bc5 Kf7 36. Rd1 b6 37. Bxb6 Rb8 38. Bc5 Rxb2 39. Rf3 Kg8 40. Rf4 Bd8 41.
c4 Bc7 42. cxd5 cxd5 43. Qxd5 Qxd5 44. Rxd5 Rb1+ 45. Kg2 Be6 46. Rd3 Re1 47. Bd6
Bb6 48. Rf8+ Kh7 49. Rb8 Rb1 50. Bc5 Bf5 51. Rh3+ Bxh3+ 52. Kxh3 Rh1+ 53. Kg2
Bxc5 54. Kxh1 Bxf2 55. e6 1-0

[Event "25th Dubai Open A 2025"]
[Site "Dubai UAE"]
[Date "2025.06.03"]
[Round "8.8"]
[White "Ilamparthi, A R"]
[Black "Narayanan, S.L."]
[Result "1/2-1/2"]
[WhiteTitle "IM"]
[BlackTitle "GM"]
[WhiteElo "2469"]
[BlackElo "2598"]
[WhiteFideId "45015775"]
[BlackFideId "5058422"]
[EventDate "2025.05.27"]

1. e4 e5 2. Nf3 Nc6 3. d4 exd4 4. Nxd4 Nf6 5. Nxc6 bxc6 6. Nd2 Bc5 7. Nb3 Nxe4
8. Nxc5 Nxc5 9. Qh5 d5 10. Be3 Qe7 11. O-O-O O-O 12. Bd3 h6 13. Rhe1 Rb8 14. Bd4
Nxd3+ 15. cxd3 Qb4 16. Bc3 Qf4+ 17. Rd2 Bg4 18. Qe5 Qxe5 19. Rxe5 f6 20. Re7 Rf7
21. Rxf7 Kxf7 22. Bd4 Bf5 23. Bc5 Re8 24. Kd1 a6 25. d4 Bb1 26. Re2 Bxa2 27.
Rxe8 Bb3+ 28. Kd2 Kxe8 29. Kc3 Bc4 30. b4 Bf1 31. g3 Kf7 32. Kd2 g5 33. Ke3 Kg6
34. Be7 1/2-1/2

[Event "25th Dubai Open A 2025"]
[Site "Dubai UAE"]
[Date "2025.06.03"]
[Round "8.9"]
[White "Dau Khuong Duy"]
[Black "Aditya, Mittal"]
[Result "0-1"]
[WhiteTitle "IM"]
[BlackTitle "GM"]
[WhiteElo "2423"]
[BlackElo "2547"]
[WhiteFideId "12424722"]
[BlackFideId "35042025"]
[EventDate "2025.05.27"]

1. e4 e5 2. Nf3 Nc6 3. Bb5 a6 4. Ba4 d6 5. O-O b5 6. Bb3 Na5 7. d4 exd4 8. Nxd4
Bb7 9. Bd2 Nxb3 10. Nxb3 Rb8 11. Re1 Be7 12. Nc3 Nf6 13. Na5 Ba8 14. Nd5 O-O 15.
Nxe7+ Qxe7 16. f3 Rfe8 17. Nb3 Nd7 18. Nd4 Qf6 19. Nf5 d5 20. Bc3 Ne5 21. Ne3
dxe4 22. Ng4 Qb6+ 23. Bd4 Nxf3+ 24. gxf3 Qg6 25. Kf2 exf3 26. h3 h5 27. Nf6+
gxf6 28. Rg1 Re2+ 29. Qxe2 fxe2 30. Bxf6 Rb6 31. Rxg6+ fxg6 32. Bg5 Be4 33. Kxe2
Bxc2 34. Rc1 Re6+ 35. Kd2 Bf5 36. h4 Rd6+ 37. Ke1 c6 38. Rc3 Bd3 39. Kd2 Bb1+
40. Kc1 Bf5 41. Re3 Rd5 42. Re8+ Kf7 43. Re7+ Kf8 44. Ra7 Rc5+ 45. Kd1 Rc2 46.
Bf6 Rf2 47. Ke1 Rc2 48. Rxa6 Kf7 49. Bc3 Rh2 50. Rxc6 Rxh4 51. Rf6+ Ke7 52. Rb6
Rh1+ 53. Kf2 Bd3 54. Ke3 Rh3+ 55. Kf4 h4 56. Bb4+ Kf7 57. Kg5 Rf3 58. Rb7+ Ke6
59. Re7+ Kd5 60. Rd7+ Kc4 61. Bd6 h3 62. Rh7 Bf5 63. b3+ Kd5 64. Bb8 Kc5 65. Rh4
Rd3 66. Ba7+ Kc6 67. Bb8 Rf3 68. Rh7 Bb1 69. Kg4 Rf8 70. Be5 Bf5+ 71. Kg5 Ra8
72. a4 bxa4 73. bxa4 Kd5 74. Bf4 Rxa4 75. Re7 Ra2 76. Re5+ Kd4 77. Re8 Rg2+ 78.
Kf6 Rg4 79. Bc7 Re4 80. Ra8 Ke3 81. Kg5 Rg4+ 82. Kf6 Rc4 83. Be5 Kf3 84. Ra3+
Kg2 85. Rg3+ Kf2 86. Rb3 Kg2 87. Rg3+ Kh1 88. Kg5 h2 89. Kf6 Rc2 90. Kg7 Rg2 91.
Re3 Rd2 92. Rg3 Rd3 93. Rg5 Re3 94. Bd6 Re2 95. Rg3 Rg2 96. Rc3 Rd2 97. Bf4 Rd7+
98. Kf6 Kg2 0-1